Nghiên cứu sinh tổng hợp B-D-Glucosidase từ Aspergillus niger VL01

Nấm mốc Aspergilllus niger VL01 được phân lập và tuyển chọn từ bưởi Năm roi, xã Mỹ Hoà, Bình Minh, Vĩnh Long dùng để sản xuất enzyme naringinase ngoại bào trong môi trường hỗn hợp. Kết quả thí nghiệm cho thấy rằng chủng nấm mốc Aspergilllus nig...

Descripción completa

Guardado en:
Detalles Bibliográficos
Autor principal: Phan, Thị Thuý Giàu
Formato: Libro
Lenguaje:Undetermined
Publicado: Cần Thơ Trường Đại học Cần Thơ 2012
Materias:
Etiquetas: Agregar Etiqueta
Sin Etiquetas, Sea el primero en etiquetar este registro!
Thư viện lưu trữ: Trung tâm Học liệu Trường Đại học Cần Thơ
LEADER 01155nam a2200205Ia 4500
001 CTU_173021
008 210402s9999 xx 000 0 und d
082 |a 579.5 
082 |b G111 
088 |a 60540101 
100 |a Phan, Thị Thuý Giàu 
245 0 |a Nghiên cứu sinh tổng hợp B-D-Glucosidase từ Aspergillus niger VL01 
245 0 |c Phan Thị Thuý Giàu 
260 |a Cần Thơ 
260 |b Trường Đại học Cần Thơ 
260 |c 2012 
520 |a Nấm mốc Aspergilllus niger VL01 được phân lập và tuyển chọn từ bưởi Năm roi, xã Mỹ Hoà, Bình Minh, Vĩnh Long dùng để sản xuất enzyme naringinase ngoại bào trong môi trường hỗn hợp. Kết quả thí nghiệm cho thấy rằng chủng nấm mốc Aspergilllus niger VL01 tổng hợp B-D-Glucosidase phụ thuộc vào thành phần cơ chất rtrong môi trường. 
650 |a Mold control,Mold,Kiểm soát nấm mốc,Nấm mốc 
904 |i N.Anh, Trong Hieu 
980 |a Trung tâm Học liệu Trường Đại học Cần Thơ